[Event "23. Copenhagen Open  (Politiken Cup)"]
[Site "Copenhagen"]
[Date "2001.07.25"]
[Round "10"]
[White "Greiff, Hakan"]
[Black "Romsdal, Trond"]
[Result "1-0"]
[WhiteElo "2299"]
[BlackElo "2225"]
[PlyCount "57"]
[EventDate "2001.07.16"]
[EventType "swiss"]
[EventRounds "11"]
[EventCountry "DEN"]
[SourceDate "2004.01.01"]

1. e4 c5 2. Nf3 d6 3. d4 cxd4 4. Nxd4 Nf6 5. Nc3 a6 6. Be3 e5 7. Nb3 Be6 8. Qd2
Be7 9. f3 Qc7 10. g4 b5 11. O-O-O O-O 12. Kb1 Rd8 13. g5 Nh5 14. Rg1 Nd7 15.
Nd5 Bxd5 16. exd5 Nb6 17. Rg4 Rac8 18. Qf2 Nc4 19. Bxc4 bxc4 20. Bb6 Qd7 21.
Na5 Nf4 22. Bxd8 Bxd8 23. Nc6 f5 24. Rxf4 exf4 25. h4 c3 26. b3 Qb7 27. Qe1 Kf8
28. Qe6 g6 29. Nxd8 1-0

[Event "23. Copenhagen Open  (Politiken Cup)"]
[Site "Copenhagen"]
[Date "2001.07.25"]
[Round "10"]
[White "Hansen, Gunnar West"]
[Black "Robertsen, Thomas"]
[Result "1-0"]
[WhiteElo "2198"]
[BlackElo "2034"]
[PlyCount "67"]
[EventDate "2001.07.16"]
[EventType "swiss"]
[EventRounds "11"]
[EventCountry "DEN"]
[SourceDate "2004.01.01"]

1. g3 e5 2. Bg2 Nc6 3. c3 g6 4. e4 Bg7 5. Ne2 d6 6. f4 Bg4 7. d3 Nf6 8. Be3 O-O
9. h3 Bxe2 10. Qxe2 Nh5 11. Qf2 exf4 12. gxf4 Bf6 13. h4 Ng7 14. Nd2 d5 15.
O-O-O d4 16. cxd4 Bxd4 17. Nb3 Bxe3+ 18. Qxe3 a5 19. d4 Qe7 20. h5 a4 21. Nc5
Nf5 22. Qc3 Nh4 23. hxg6 fxg6 24. Bh3 Rxf4 25. Be6+ Kf8 26. d5 Qg5 27. Kb1 Ne5
28. Nxb7 Qg2 29. Qxe5 Qxe4+ 30. Qxe4 Rxe4 31. Rdf1+ Ke8 32. Nc5 Re2 33. Rxh4
Rb8 34. Nxa4 1-0

[Event "23. Copenhagen Open  (Politiken Cup)"]
[Site "Copenhagen"]
[Date "2001.07.25"]
[Round "10"]
[White "Hassan, Omar Elsayed"]
[Black "Helledie, Anders"]
[Result "0-1"]
[WhiteElo "2100"]
[BlackElo "2221"]
[PlyCount "120"]
[EventDate "2001.07.16"]
[EventType "swiss"]
[EventRounds "11"]
[EventCountry "DEN"]
[SourceDate "2004.01.01"]

1. d4 Nf6 2. c4 g6 3. Nc3 Bg7 4. e4 d6 5. Nge2 O-O 6. Ng3 c6 7. Be2 a6 8. h4 b5
9. h5 Re8 10. hxg6 fxg6 11. cxb5 cxb5 12. Qb3+ e6 13. Bg5 Nc6 14. Rd1 Qb6 15.
Be3 Na5 16. Qb4 d5 17. Na4 Qd8 18. Nc5 Nd7 19. Qd2 Nc4 20. Bxc4 bxc4 21. Bh6
Nxc5 22. Bxg7 Nd3+ 23. Kf1 Qe7 24. Rxh7 g5 25. Rh8+ Kxg7 26. Rxe8 Qxe8 27.
Qxg5+ Kf7 28. e5 Qg8 29. Qf6+ Ke8 30. Nh5 Qf7 31. Qh8+ Kd7 32. Nf6+ Kc6 33. Qd8
Qc7 34. Qe8+ Kb6 35. Qa4 Ka7 36. b4 Nb2 37. Qc2 Nxd1 38. Qxd1 Bd7 39. Qh5 Rb8
40. a3 Bb5 41. Qf3 Ka8 42. Qc3 Ba4 43. g4 Qg7 44. f4 Qg6 45. f5 Qh6 46. fxe6
Rh8 47. Nh5 Qg6 48. Qf3 Qb1+ 49. Kf2 Qc2+ 50. Ke1 Qc1+ 51. Kf2 Qb2+ 52. Kg3 Qb3
53. e7 Be8 54. Nf4 Kb7 55. g5 Kc6 56. g6 Bxg6 57. Qxb3 cxb3 58. Nxg6 Re8 59. e6
b2 60. Ne5+ Kc7 0-1

[Event "23. Copenhagen Open  (Politiken Cup)"]
[Site "Copenhagen"]
[Date "2001.07.25"]
[Round "10"]
[White "Hau, Helge"]
[Black "Kjar, Peter Sigsgaard"]
[Result "1-0"]
[WhiteElo "1525"]
[BlackElo "1573"]
[PlyCount "157"]
[EventDate "2001.07.16"]
[EventType "swiss"]
[EventRounds "11"]
[EventCountry "DEN"]
[SourceDate "2004.01.01"]

1. b3 d5 2. Bb2 c5 3. e3 Nc6 4. Bb5 Bd7 5. a3 e6 6. Nf3 Nf6 7. O-O Be7 8. d3
O-O 9. Re1 a6 10. Bxc6 Bxc6 11. Ne5 Qc7 12. f4 Rad8 13. Nxc6 Qxc6 14. Qf3 Qb6
15. Nd2 Rd7 16. h3 Rc8 17. Rad1 a5 18. a4 Rcd8 19. Be5 Ne8 20. f5 Bf6 21. Bxf6
Nxf6 22. g4 exf5 23. Qxf5 Qe6 24. Nf3 Re7 25. Qxe6 Rxe6 26. Kf2 Rde8 27. Rd2 h6
28. Rde2 c4 29. Nd4 cxd3 30. cxd3 Rb6 31. Nb5 Rc6 32. e4 dxe4 33. dxe4 Nd7 34.
e5 Nc5 35. Re3 Ne6 36. Na3 Re7 37. Nc4 b6 38. Rd1 Nc5 39. Rd6 Rxd6 40. exd6
Rxe3 41. Kxe3 Kf8 42. Nxb6 Nxb3 43. Ke4 Ke8 44. Kd5 Kd8 45. Kc4 Nd2+ 46. Kb5
Ne4 47. Kc6 g6 48. Nc4 f5 49. gxf5 gxf5 50. Nxa5 Nf6 51. Nc4 f4 52. Nd2 Nd7 53.
a5 Kc8 54. a6 Nb8+ 55. Kb5 Nxa6 56. Kxa6 Kd7 57. Ne4 Kc6 58. Ka5 f3 59. Kb4 f2
60. Nxf2 Kxd6 61. Kc4 Ke5 62. Kd3 Kf5 63. Ke3 Kg5 64. Kf3 Kh4 65. Kg2 Kg5 66.
Kg3 h5 67. h4+ Kf5 68. Nh3 Kg6 69. Kf4 Kf6 70. Ng5 Kg6 71. Ne4 Kh6 72. Kf5 Kg7
73. Kg5 Kh7 74. Kxh5 Kg7 75. Ng5 Kg8 76. Kg6 Kh8 77. h5 Kg8 78. h6 Kh8 79. Nf7+
1-0

[Event "23. Copenhagen Open  (Politiken Cup)"]
[Site "Copenhagen"]
[Date "2001.07.25"]
[Round "10"]
[White "Hesselberg, Leif"]
[Black "Lardot, Derik"]
[Result "0-1"]
[WhiteElo "1800"]
[BlackElo "2023"]
[PlyCount "84"]
[EventDate "2001.07.16"]
[EventType "swiss"]
[EventRounds "11"]
[EventCountry "DEN"]
[SourceDate "2004.01.01"]

1. d4 d6 2. e4 g6 3. Nf3 Bg4 4. h3 Bd7 5. Bc4 Bg7 6. c3 e6 7. Bg5 Ne7 8. Nbd2
f6 9. Bh4 d5 10. Bd3 Qc8 11. Qe2 O-O 12. O-O-O c5 13. Kb1 cxd4 14. cxd4 Nbc6
15. Rc1 Qe8 16. Ka1 Nb4 17. Bb1 Bb5 18. Qe3 Nec6 19. e5 fxe5 20. Nxe5 Nxe5 21.
dxe5 Nc6 22. f4 Qf7 23. g3 a5 24. Rh2 a4 25. a3 Na5 26. Rf2 Bc4 27. Bd3 b5 28.
Kb1 Rfc8 29. Bxc4 dxc4 30. Ne4 Bf8 31. g4 b4 32. axb4 Bxb4 33. f5 a3 34. fxg6
Qxg6 35. Rf6 a2+ 36. Kxa2 Nb3+ 37. Kb1 Ra1+ 38. Kc2 Rxc1+ 39. Qxc1 Nxc1 40.
Rxg6+ hxg6 41. Kxc1 c3 42. b3 c2 0-1

[Event "23. Copenhagen Open  (Politiken Cup)"]
[Site "Copenhagen"]
[Date "2001.07.25"]
[Round "10"]
[White "Hoff, Terje"]
[Black "Jensen, Henrik Sandberg"]
[Result "0-1"]
[WhiteElo "2038"]
[BlackElo "1706"]
[PlyCount "68"]
[EventDate "2001.07.16"]
[EventType "swiss"]
[EventRounds "11"]
[EventCountry "DEN"]
[SourceDate "2004.01.01"]

1. d4 d6 2. c4 g6 3. e4 Bg7 4. d5 c6 5. Nc3 Nf6 6. Bg5 Qa5 7. Qd2 h6 8. Bh4
Nbd7 9. f4 cxd5 10. cxd5 Nc5 11. Rb1 Qb6 12. Qe2 Bg4 13. Nf3 Nh5 14. Qe3 Nxf4
15. Kd2 Bxc3+ 16. bxc3 Qxb1 17. Qxf4 Qb2+ 18. Kd1 Bxf3+ 19. Qxf3 Qb1+ 20. Kd2
Qxa2+ 21. Ke3 Qb1 22. g4 g5 23. Bc4 Qxe4+ 24. Qxe4 Nxe4 25. Bb5+ Kd8 26. Be1
Nc5 27. Rf1 a6 28. Be2 f6 29. c4 Kd7 30. Ba5 Ke8 31. Rb1 Kf7 32. Rb6 Rab8 33.
Bf3 Nd7 34. Rb4 b6 0-1

[Event "23. Copenhagen Open  (Politiken Cup)"]
[Site "Copenhagen"]
[Date "2001.07.25"]
[Round "10"]
[White "Hoi, Carsten"]
[Black "Psakhis, Lev"]
[Result "0-1"]
[WhiteElo "2407"]
[BlackElo "2566"]
[PlyCount "70"]
[EventDate "2001.07.16"]
[EventType "swiss"]
[EventRounds "11"]
[EventCountry "DEN"]
[SourceDate "2004.01.01"]

1. d4 Nf6 2. Nf3 e6 3. c4 c5 4. e3 cxd4 5. exd4 d5 6. Nc3 Bb4 7. cxd5 Nxd5 8.
Bd2 Nc6 9. Bd3 Be7 10. O-O O-O 11. a3 Bf6 12. Be3 Nxc3 13. bxc3 b6 14. Qc2 g6
15. Bh6 Re8 16. Rfe1 Bb7 17. h4 Ne7 18. Bg5 Nf5 19. Bxf6 Qxf6 20. Be4 Bxe4 21.
Qxe4 Rac8 22. Qf4 Kg7 23. Ng5 Rxc3 24. Ne4 Qxd4 25. Rad1 e5 26. Qg5 Rd3 27.
Rxd3 Qxd3 28. g4 Nd4 29. Qf6+ Kg8 30. Ng5 Rf8 31. Kg2 Ne6 32. Nxe6 Qd5+ 33. Kg1
fxe6 34. Qxe5 Qxe5 35. Rxe5 Rf4 0-1

[Event "23. Copenhagen Open  (Politiken Cup)"]
[Site "Copenhagen"]
[Date "2001.07.25"]
[Round "10"]
[White "Hvenekilde, Jorgen"]
[Black "Hagen, Andreas Skytte"]
[Result "0-1"]
[WhiteElo "2267"]
[BlackElo "2113"]
[PlyCount "80"]
[EventDate "2001.07.16"]
[EventType "swiss"]
[EventRounds "11"]
[EventCountry "DEN"]
[SourceDate "2004.01.01"]

1. d4 e6 2. c4 Nf6 3. Nc3 Bb4 4. Bd2 c5 5. d5 d6 6. f3 exd5 7. cxd5 Nh5 8. g3
O-O 9. e3 Nd7 10. a3 Ba5 11. f4 Nhf6 12. Bg2 Nb6 13. h3 Re8 14. Nge2 Nc4 15.
Qc1 Qb6 16. Ra2 Qb3 17. Ra1 b6 18. O-O Ba6 19. Re1 Qxb2 20. Qxb2 Nxb2 21. e4
Rad8 22. g4 Re7 23. g5 Ne8 24. Ra2 Nc4 25. Bc1 b5 26. Bf1 b4 27. axb4 cxb4 28.
Ng3 bxc3 29. Rxa5 Nxa5 30. Bxa6 Nb3 31. Nf5 Rc7 32. Bb5 g6 33. Ne3 Rb8 34. Bc6
Nd4 35. Kf2 Nxc6 36. dxc6 Rxc6 37. Nd5 Kf8 38. e5 Rb5 39. Nf6 Nxf6 40. gxf6
dxe5 0-1

[Event "23. Copenhagen Open  (Politiken Cup)"]
[Site "Copenhagen"]
[Date "2001.07.25"]
[Round "10"]
[White "Jacobsen, Bo"]
[Black "Bleis, Christian"]
[Result "1-0"]
[WhiteElo "2274"]
[BlackElo "2126"]
[PlyCount "71"]
[EventDate "2001.07.16"]
[EventType "swiss"]
[EventRounds "11"]
[EventCountry "DEN"]
[SourceDate "2004.01.01"]

1. g3 d5 2. Nf3 c5 3. c4 d4 4. b4 cxb4 5. a3 b3 6. Bg2 Nc6 7. O-O g6 8. Qxb3
Bg7 9. a4 Nh6 10. d3 O-O 11. Na3 Nf5 12. Nc2 h5 13. h4 b6 14. Bd2 Rb8 15. Rfb1
Ne5 16. Nce1 Ng4 17. a5 Qd6 18. Bf4 e5 19. Bc1 Qc7 20. Ra4 Bd7 21. Rb4 b5 22.
cxb5 Qxa5 23. Ng5 Rxb5 24. Bd2 a6 25. Rxb5 Qxb5 26. Bb4 a5 27. Bxf8 Qxb3 28.
Rxb3 Bxf8 29. Rb7 Be8 30. Ra7 Bb4 31. Nc2 Bc3 32. Ne4 Ba4 33. Na3 Bb4 34. Nc4
Bd1 35. Bf3 a4 36. Nb2 1-0

[Event "23. Copenhagen Open  (Politiken Cup)"]
[Site "Copenhagen"]
[Date "2001.07.25"]
[Round "10"]
[White "Jensen, Dan Bronnum"]
[Black "Andersen, Kasper Lolk"]
[Result "1-0"]
[WhiteElo "1324"]
[BlackElo "1192"]
[PlyCount "123"]
[EventDate "2001.07.16"]
[EventType "swiss"]
[EventRounds "11"]
[EventCountry "DEN"]
[SourceDate "2004.01.01"]

1. e4 e5 2. Nf3 Nc6 3. d4 d5 4. exd5 Qxd5 5. c4 Qe4+ 6. Be2 Nxd4 7. Nxd4 Qxd4
8. Qxd4 exd4 9. Bf4 c5 10. O-O Be6 11. b3 Rd8 12. Bf3 b6 13. Re1 Nf6 14. Bc6+
Ke7 15. Bg5 Rd6 16. Bf3 Kd7 17. Bf4 b5 18. Bxd6 Bxd6 19. cxb5 Rb8 20. Be2 h5
21. h3 Be5 22. Bd3 Kd6 23. Nd2 g5 24. Nc4+ Bxc4 25. bxc4 Rg8 26. Rab1 Nd7 27.
Bf5 Nb6 28. Bd3 f5 29. Bxf5 Nxc4 30. Re2 Rf8 31. Bd3 Nb6 32. Rbe1 Nd7 33. a4 h4
34. a5 c4 35. Bxc4 Rc8 36. Bd3 Rc5 37. Rc2 Bf4 38. Rxc5 Nxc5 39. Rd1 Nb3 40. a6
Nc5 41. Bc4 Be5 42. Kf1 Na4 43. Rc1 Kc5 44. Be2+ Kb6 45. Rc6+ Ka5 46. Re6 Bc7
47. Re7 Bb6 48. Rg7 Nc3 49. Rxg5 Nxe2 50. Kxe2 Kb4 51. Kd3 Bc5 52. f4 Kxb5 53.
Rg6 Bb6 54. f5 Kxa6 55. f6 Kb5 56. f7 Bc5 57. Rg5 Kb6 58. Rxc5 Kxc5 59. f8=Q+
Kb5 60. Kxd4 a5 61. Qc5+ Ka4 62. Qb6 1-0

[Event "23. Copenhagen Open  (Politiken Cup)"]
[Site "Copenhagen"]
[Date "2001.07.25"]
[Round "10"]
[White "Jorgensen, Michael"]
[Black "Kleinschroth, Roland"]
[Result "1-0"]
[WhiteElo "2290"]
[BlackElo "2160"]
[PlyCount "175"]
[EventDate "2001.07.16"]
[EventType "swiss"]
[EventRounds "11"]
[EventCountry "DEN"]
[SourceDate "2004.01.01"]

1. d4 d5 2. c4 e5 3. dxe5 d4 4. Nf3 Nc6 5. g3 Be6 6. Nbd2 Qd7 7. Bg2 Bh3 8.
Bxh3 Qxh3 9. a3 Nh6 10. Qc2 Ng4 11. Qe4 Be7 12. b4 O-O 13. b5 Ncxe5 14. Nxe5
Nxe5 15. Qxe5 Bf6 16. Qf4 d3 17. Ra2 Bc3 18. e3 Qg2 19. Rf1 Rfe8 20. g4 Re6 21.
Qg3 Qe4 22. Kd1 Bxd2 23. Rxd2 Qxc4 24. Qf4 Re4 25. Qg5 h6 26. Qf5 Rae8 27. Qd7
Qb3+ 28. Ke1 Qb1 29. Qxc7 Qxb5 30. Rb2 Qa4 31. Qxb7 Rc4 32. Bd2 Qxa3 33. Qb3
Qc5 34. Qxd3 Rc1+ 35. Ke2 Rc4 36. f3 Qc7 37. Rf2 Rc8 38. Rb5 Rc2 39. Rd5 a5 40.
Kf1 Qc6 41. Kg2 a4 42. Rd8+ Rxd8 43. Qxd8+ Kh7 44. Qd3+ Kg8 45. Bb4 Rc4 46. Qd6
Rxg4+ 47. Kh3 Rg6 48. Qxc6 Rxc6 49. Ra2 Kh7 50. Rxa4 Rc4 51. Kg3 g5 52. h3 h5
53. e4 f6 54. Ra7+ Kg6 55. Bf8 h4+ 56. Kf2 Rc2+ 57. Ke3 Rc3+ 58. Ke2 Rc2+ 59.
Kd3 Rh2 60. Be7 Rxh3 61. Ke2 g4 62. fxg4 Rg3 63. Ra6 h3 64. Rxf6+ Kg7 65. Rf2
Rxg4 66. Kf3 Rg6 67. e5 Rb6 68. Bf6+ Kf7 69. Kg4 Ke6 70. Kxh3 Rb4 71. Kg3 Ra4
72. Rf4 Ra1 73. Rd4 Kf5 74. Rd3 Rg1+ 75. Kf3 Rh1 76. Ke3 Rh7 77. Kd4 Rd7+ 78.
Kc4 Rc7+ 79. Kb5 Rc1 80. Rd4 Ke6 81. Rd6+ Kf7 82. Rc6 Rb1+ 83. Kc5 Ke8 84. Kd5
Rb7 85. Ke6 Re7+ 86. Kf5 Ra7 87. e6 Rg7 88. Rc8# 1-0

[Event "23. Copenhagen Open  (Politiken Cup)"]
[Site "Copenhagen"]
[Date "2001.07.25"]
[Round "10"]
[White "Jorgensen, Mikkel"]
[Black "Petersen, Nils"]
[Result "0-1"]
[WhiteElo "1610"]
[BlackElo "2050"]
[PlyCount "71"]
[EventDate "2001.07.16"]
[EventType "swiss"]
[EventRounds "11"]
[EventCountry "DEN"]
[SourceDate "2004.01.01"]

1. d4 d5 2. e4 e6 3. e5 c5 4. c3 Nc6 5. Nf3 Qb6 6. Be2 Nge7 7. g4 Ng6 8. h4 Be7
9. h5 Nf8 10. b3 cxd4 11. cxd4 Bb4+ 12. Kf1 Bd7 13. Bb2 O-O-O 14. Na3 Kb8 15.
Nc2 Be7 16. Ba3 f6 17. Bxe7 Nxe7 18. Qd2 h6 19. Rc1 Nc6 20. exf6 gxf6 21. Qf4+
e5 22. Qxf6 Nh7 23. Qd6+ Ka8 24. Nxe5 Bxg4 25. Qxd8+ Rxd8 26. Nxg4 Nxd4 27.
Nxd4 Qxd4 28. Rh3 Kb8 29. Rhc3 Rf8 30. Rf3 Rxf3 31. Bxf3 Qf4 32. Rc3 d4 33. Rd3
Ng5 34. Be2 Ne4 35. Kg1 Nc5 36. Rf3 0-1

[Event "23. Copenhagen Open  (Politiken Cup)"]
[Site "Copenhagen"]
[Date "2001.07.25"]
[Round "10"]
[White "Jorgensen, Orla Eilegaard"]
[Black "Lynge, Torben"]
[Result "0-1"]
[WhiteElo "1403"]
[BlackElo "1701"]
[PlyCount "68"]
[EventDate "2001.07.16"]
[EventType "swiss"]
[EventRounds "11"]
[EventCountry "DEN"]
[SourceDate "2004.01.01"]

1. Nf3 d5 2. c4 Nf6 3. Nc3 Bf5 4. cxd5 Nxd5 5. Qb3 Nb6 6. e4 Bg6 7. Ne5 N8d7 8.
Nxg6 hxg6 9. d4 Nf6 10. d5 c6 11. dxc6 bxc6 12. Be3 Ng4 13. Rd1 Qc7 14. Bxb6
axb6 15. Bc4 Ne5 16. h3 e6 17. f4 Nxc4 18. Qxc4 Be7 19. O-O g5 20. fxg5 Bc5+
21. Kh1 Qg3 22. Rd2 Qxg5 23. Rfd1 O-O 24. Rd7 b5 25. Qb3 Qf4 26. Qc2 Bb6 27.
Ne2 Qe5 28. Qxc6 Qxb2 29. Nf4 Be3 30. Nxe6 fxe6 31. Qxe6+ Kh8 32. Qg6 Bh6 33.
g4 Rxa2 34. Qd6 Qg2# 0-1

[Event "23. Copenhagen Open  (Politiken Cup)"]
[Site "Copenhagen"]
[Date "2001.07.25"]
[Round "10"]
[White "Kristensen, Jonas Rune"]
[Black "van Dijk, Thomas"]
[Result "1/2-1/2"]
[WhiteElo "1755"]
[BlackElo "1999"]
[PlyCount "23"]
[EventDate "2001.07.16"]
[EventType "swiss"]
[EventRounds "11"]
[EventCountry "DEN"]
[SourceDate "2004.01.01"]

1. d4 d5 2. Nf3 Nf6 3. Bf4 Bf5 4. e3 e6 5. Be2 Be7 6. Nbd2 O-O 7. Nh4 Bg6 8.
Nxg6 hxg6 9. h3 c5 10. c3 Nc6 11. O-O Rc8 12. Bh2 1/2-1/2

[Event "23. Copenhagen Open  (Politiken Cup)"]
[Site "Copenhagen"]
[Date "2001.07.25"]
[Round "10"]
[White "Laubsch, Bernd"]
[Black "Petersen, Peter Birk"]
[Result "1-0"]
[WhiteElo "2311"]
[BlackElo "2230"]
[PlyCount "113"]
[EventDate "2001.07.16"]
[EventType "swiss"]
[EventRounds "11"]
[EventCountry "DEN"]
[SourceDate "2004.01.01"]

1. d4 Nf6 2. Nc3 d6 3. e4 g6 4. Be3 c6 5. Qd2 b5 6. Bd3 Nbd7 7. f3 Nb6 8. b3 a5
9. a4 b4 10. Nd1 h6 11. Ne2 Bg7 12. O-O Qc7 13. Nb2 h5 14. h3 Nbd7 15. Rab1 e6
16. Nc4 d5 17. Bf4 Qa7 18. Nd6+ Kf8 19. Kh1 Ba6 20. c4 bxc3 21. Qxc3 c5 22.
Bxa6 Qxa6 23. Qd2 h4 24. Nb5 Rc8 25. e5 Nh5 26. Bh2 cxd4 27. Qxd4 Ra8 28. Qxh4
Bxe5 29. Bxe5 Nxe5 30. Ned4 Rc8 31. g4 g5 32. Qxg5 f6 33. Qe3 Ng3+ 34. Kg2 Nxf1
35. Rxf1 Kf7 36. Kg3 Ng6 37. f4 Rhe8 38. h4 e5 39. fxe5 Rxe5 40. Qd2 Ne7 41.
Nf3 Ke8 42. Nxe5 fxe5 43. h5 d4 44. g5 Qe6 45. Qxa5 Qxb3+ 46. Kh4 Qc2 47. Nd6+
Kd7 48. Qxe5 Ng6+ 49. hxg6 Rh8+ 50. Qxh8 Qh2+ 51. Kg4 Qg2+ 52. Kf4 Qxf1+ 53.
Ke5 Qe1+ 54. Ne4 d3 55. Qg7+ Kc6 56. Qf6+ Kb7 57. Qe7+ 1-0

[Event "23. Copenhagen Open  (Politiken Cup)"]
[Site "Copenhagen"]
[Date "2001.07.25"]
[Round "10"]
[White "Laursen, Niels Norskov"]
[Black "Johansson, Thomas"]
[Result "1-0"]
[WhiteElo "2107"]
[BlackElo "2250"]
[PlyCount "65"]
[EventDate "2001.07.16"]
[EventType "swiss"]
[EventRounds "11"]
[EventCountry "DEN"]
[SourceDate "2004.01.01"]

1. e4 e6 2. d4 d5 3. Nd2 Ne7 4. Ngf3 Nd7 5. g3 c5 6. exd5 Nxd5 7. Bg2 cxd4 8.
Nb3 Bb4+ 9. Bd2 d3 10. c4 Bxd2+ 11. Qxd2 N5b6 12. Qxd3 Qf6 13. Qe2 Na4 14. Rb1
Nac5 15. Nxc5 Nxc5 16. O-O a5 17. b3 Qe7 18. Nd4 O-O 19. f4 Rd8 20. Qe3 Qc7 21.
f5 Qb6 22. f6 e5 23. Nb5 Bd7 24. Kh1 Bxb5 25. cxb5 gxf6 26. Qh6 Rd6 27. Rf5
Rad8 28. Rbf1 Nd3 $2 (28... Qxb5 $13) 29. Be4 R8d7 30. Rg5+ fxg5 31. Bxh7+ Kh8
32. Bg6+ Kg8 33. Qh7+ 1-0

[Event "23. Copenhagen Open  (Politiken Cup)"]
[Site "Copenhagen"]
[Date "2001.07.25"]
[Round "10"]
[White "Laustsen, Lars"]
[Black "Mortensen, Henrik"]
[Result "1-0"]
[WhiteElo "1955"]
[BlackElo "2075"]
[PlyCount "81"]
[EventDate "2001.07.16"]
[EventType "swiss"]
[EventRounds "11"]
[EventCountry "DEN"]
[SourceDate "2004.01.01"]

1. c4 c5 2. g3 Nc6 3. Bg2 g6 4. Nc3 Bg7 5. a3 e5 6. b4 cxb4 7. axb4 Nxb4 8. Ba3
Bf8 9. Nf3 Nc6 10. Bxf8 Kxf8 11. O-O Nge7 12. d4 f6 13. dxe5 fxe5 14. Qd6 Kg7
15. Nxe5 Nf5 16. Nxc6 dxc6 17. Qb4 Qe7 18. c5 Re8 19. e4 Nh6 20. f4 b5 21. e5
a5 22. Rxa5 Rxa5 23. Qxa5 Qxc5+ 24. Kh1 Re7 25. Qd8 Bf5 26. Ne2 Ng8 27. Nd4 Qc4
28. Nxf5+ gxf5 29. Qc8 Re6 30. Rd1 Ne7 31. Qd7 b4 32. g4 Kg6 33. Bd5 Nxd5 34.
Qxe6+ Kg7 35. Qxf5 Qe2 36. Qd3 Qxd3 37. Rxd3 Nc3 38. f5 c5 39. f6+ Kg6 40. Rf3
Kf7 41. e6+ 1-0

[Event "23. Copenhagen Open  (Politiken Cup)"]
[Site "Copenhagen"]
[Date "2001.07.25"]
[Round "10"]
[White "Lezcano Jaen, Pedro"]
[Black "Pedersen, Christian K"]
[Result "1/2-1/2"]
[WhiteElo "2386"]
[BlackElo "2280"]
[PlyCount "132"]
[EventDate "2001.07.16"]
[EventType "swiss"]
[EventRounds "11"]
[EventCountry "DEN"]
[SourceDate "2004.01.01"]

1. c4 e5 2. g3 d6 3. Bg2 Nc6 4. Nc3 Be6 5. d3 Qd7 6. Nd5 Nd8 7. d4 c6 8. Ne3
Be7 9. d5 Bf5 10. dxc6 bxc6 11. Nxf5 Qxf5 12. Qa4 Qd7 13. Bd2 Nf6 14. Ba5 e4
15. e3 Ne6 16. Bb4 Qb7 17. Ne2 O-O 18. O-O Rab8 19. Ba3 Nd7 20. Bxe4 Ndc5 21.
Qc2 Nxe4 22. Qxe4 d5 23. cxd5 cxd5 24. Qd3 Bxa3 25. bxa3 Qb5 26. Rfd1 Rfd8 27.
Rac1 g6 28. Qxb5 Rxb5 29. Nd4 Nxd4 30. Rxd4 Ra5 31. a4 Rd6 32. Rc7 Kg7 33. Rb4
Rb6 34. Rf4 Rf6 35. Rd4 Rfa6 36. Rf4 Rf6 37. Rb4 Rb6 38. Rxa7 Rxa7 39. Rxb6
Rxa4 40. Rb2 d4 41. e4 d3 42. Rd2 Kf6 43. f4 Rxe4 44. Rxd3 Re1+ 45. Kf2 Rh1 46.
Kg2 Ra1 47. Rd2 h5 48. Kf3 Kf5 49. h3 Rf1+ 50. Rf2 Rh1 51. g4+ Kf6 52. Kg2 Rc1
53. a3 Ra1 54. Rf3 h4 55. Rb3 Ke6 56. Re3+ Kd5 57. Kf2 Ra2+ 58. Kf3 Rh2 59.
Rd3+ Kc4 60. Rd7 f5 61. gxf5 gxf5 62. Rf7 Rxh3+ 63. Kg2 Rxa3 64. Rxf5 Kd4 65.
Re5 h3+ 66. Kf2 h2 1/2-1/2

[Event "23. Copenhagen Open  (Politiken Cup)"]
[Site "Copenhagen"]
[Date "2001.07.25"]
[Round "10"]
[White "Lilja, Richard"]
[Black "Jorgensen, Brian"]
[Result "0-1"]
[WhiteElo "2112"]
[BlackElo "2265"]
[PlyCount "58"]
[EventDate "2001.07.16"]
[EventType "swiss"]
[EventRounds "11"]
[EventCountry "DEN"]
[SourceDate "2004.01.01"]

1. e4 c5 2. Nc3 Nc6 3. Bb5 d6 4. Bxc6+ bxc6 5. f4 g5 6. fxg5 e5 7. Nf3 Ne7 8.
d3 Ng6 9. Ne2 Be7 10. h3 Be6 11. b3 Qd7 12. Qd2 O-O-O 13. Bb2 h6 14. gxh6 Rdg8
15. g4 Nh4 16. Neg1 Rg6 17. g5 Nxf3+ 18. Nxf3 Bxh3 19. Rg1 Bg4 20. Bxe5 dxe5
21. Nxe5 Qd4 22. Qh2 Qxa1+ 23. Kf2 Qd4+ 24. Kf1 Bd6 25. Rxg4 Qxe5 26. Qh3 Kb8
27. Qf3 f6 28. Rg2 fxg5 29. Qf7 Rf6+ 0-1

[Event "23. Copenhagen Open  (Politiken Cup)"]
[Site "Copenhagen"]
[Date "2001.07.25"]
[Round "10"]
[White "Manley, Christian"]
[Black "Nielsen, Thomas"]
[Result "1/2-1/2"]
[WhiteElo "1360"]
[BlackElo "2025"]
[PlyCount "134"]
[EventDate "2001.07.16"]
[EventType "swiss"]
[EventRounds "11"]
[EventCountry "DEN"]
[SourceDate "2004.01.01"]

1. d4 Nf6 2. Bf4 d5 3. Nf3 c5 4. c3 Nc6 5. e3 e6 6. Nbd2 a6 7. Qc2 Bd6 8. Bxd6
Qxd6 9. Bd3 Bd7 10. h3 Rc8 11. Qb1 cxd4 12. cxd4 Nb4 13. a3 Nxd3+ 14. Qxd3 O-O
15. Qb3 Rc7 16. O-O Rfc8 17. Rfb1 Ne4 18. Qd1 Rc2 19. Nxe4 dxe4 20. Ne1 R2c4
21. Rc1 Qc7 22. Rxc4 Qxc4 23. b3 Qc3 24. Kh2 Qb2 25. Qb1 Qxb1 26. Rxb1 Bb5 27.
g4 Bd3 28. Ra1 g5 29. Kg3 Rc3 30. b4 Rb3 31. Kg2 Rb1 32. Rxb1 Bxb1 33. f3 Kf8
34. fxe4 Bxe4+ 35. Nf3 Ke7 36. Kf2 f6 37. Nd2 Bd3 38. e4 Kd6 39. Ke3 Bb5 40.
Nf3 h6 41. h4 gxh4 42. Nxh4 Be8 43. Nf3 b6 44. Nd2 Bb5 45. Kf4 e5+ 46. dxe5+
fxe5+ 47. Kf5 Bd7+ 48. Kg6 Bxg4 49. Kxh6 Be2 50. Kg5 a5 51. Nb1 axb4 52. axb4
Bd3 53. Nc3 Kc6 54. Kf5 Kd6 55. Nd5 b5 56. Ne3 Bc4 57. Ng2 Be6+ 58. Kf6 Bd5 59.
exd5 Kxd5 60. Ne3+ Kd4 61. Ke6 e4 62. Nd5 Kc4 63. Ke5 e3 64. Nxe3+ Kxb4 65.
Nd5+ Kc4 66. Ke4 b4 67. Nxb4 Kxb4 1/2-1/2

[Event "23. Copenhagen Open  (Politiken Cup)"]
[Site "Copenhagen"]
[Date "2001.07.25"]
[Round "10"]
[White "Mortensen, Erling"]
[Black "Nilsson, Nils Specht"]
[Result "1-0"]
[WhiteElo "2423"]
[BlackElo "2218"]
[PlyCount "63"]
[EventDate "2001.07.16"]
[EventType "swiss"]
[EventRounds "11"]
[EventCountry "DEN"]
[SourceDate "2004.01.01"]

1. e4 d6 2. d4 Nf6 3. Nc3 g6 4. f4 Bg7 5. Nf3 c5 6. dxc5 Qa5 7. Bd3 Qxc5 8. Qe2
O-O 9. Be3 Qa5 10. O-O Bg4 11. Qe1 Nc6 12. Nd2 Bd7 13. Nb3 Qc7 14. Kh1 Nb4 15.
f5 e6 16. Qh4 Nxd3 17. cxd3 Bc6 18. Bg5 Qe7 19. Rae1 Rae8 20. Nd4 h6 21. Bxh6
Nh7 22. Qxe7 Rxe7 23. Bxg7 Kxg7 24. g4 exf5 25. gxf5 Rh8 26. Re2 Rd7 27. fxg6
Kxg6 28. Rg2+ Ng5 29. Rf5 f6 30. Ne6 Kh7 31. Nxg5+ fxg5 32. Rfxg5 1-0

[Event "23. Copenhagen Open  (Politiken Cup)"]
[Site "Copenhagen"]
[Date "2001.07.25"]
[Round "10"]
[White "Moller, Arne"]
[Black "Rasmussen, Henning"]
[Result "1-0"]
[WhiteElo "1712"]
[BlackElo "1925"]
[PlyCount "81"]
[EventDate "2001.07.16"]
[EventType "swiss"]
[EventRounds "11"]
[EventCountry "DEN"]
[SourceDate "2004.01.01"]

1. e4 e6 2. d4 d5 3. Nc3 Nf6 4. Bg5 Be7 5. e5 Nfd7 6. Bxe7 Qxe7 7. Qg4 O-O 8.
O-O-O c5 9. f4 cxd4 10. Rxd4 Nc6 11. Rd3 Ndxe5 12. fxe5 Nxe5 13. Qh5 Nxd3+ 14.
Bxd3 g6 15. Qh6 f6 16. h4 Bd7 17. Nf3 Rad8 18. Re1 Qg7 19. Qd2 Bc6 20. g4 e5
21. Be2 d4 22. Bc4+ Kh8 23. Ne4 Rc8 24. Bd3 Bd5 25. b3 Qe7 26. Kb2 Qc7 27. Qe2
Rce8 28. Nfd2 a6 29. c4 dxc3+ 30. Nxc3 Bg8 31. h5 gxh5 32. Bf5 Be6 33. Rh1 Bxf5
34. gxf5 Rc8 35. Nde4 Rg8 36. Nd5 Qg7 37. Qxh5 Qg2+ 38. Ka3 Qg7 39. Nexf6 Qf8+
40. Kb2 Rg2+ 41. Kb1 1-0